|
|
|
|
| LEADER |
01242nam a2200241 a 4500 |
| 001 |
4579685 |
| 008 |
090519r19821975nyua b 001 0 eng d |
| 010 |
|
|
|a 75011082
|
| 040 |
|
|
|a DLC
|c DLC
|d DLC
|
| 082 |
0 |
0 |
|a 574.1/92
|
| 100 |
1 |
|
|a Lehninger, Albert L.
|
| 245 |
1 |
0 |
|a Biochemistry :
|b the molecular basis of cell structure and function /
|c Albert L. Lehninger.
|
| 250 |
|
|
|a 2d ed.
|
| 260 |
|
|
|a New York:
|b Worth Publishers;
|a New Delhi:
|b Kalyani publisher,
|c 1975(reprinted 1982).
|
| 300 |
|
|
|a xxiii, 1104 p. :
|b ill. ;
|c 29 cm.
|
| 504 |
|
|
|a Includes bibliographies and index.
|
| 541 |
1 |
|
|e 00015970
|
| 650 |
|
0 |
|a Biochemistry.
|
| 852 |
4 |
|
|a Ayesha Abed library
|j Generl Shelf
|
| 999 |
|
|
|c 876
|d 876
|
| 952 |
|
|
|0 0
|1 0
|2 ddc
|4 1
|6 574_100000000000000_92_LEH_1982
|7 0
|8 NFIC
|9 815
|a BRACUL
|b BRACUL
|c SPS
|d 2009-05-19
|g 340.00
|l 13
|m 47
|o 574.192 LEH
|p 3010015969
|r 2018-11-04
|s 2018-10-14
|t 1
|v 680.00
|w 2009-05-19
|y BK
|
| 952 |
|
|
|0 0
|1 0
|2 ddc
|4 0
|6 574_100000000000000_92_LEH_1982
|7 0
|9 10353
|a PHR
|b PHR
|c GEN
|d 2010-05-19
|l 5
|m 24
|o 574.192 LEH
|p 3010015970
|r 2017-05-29
|s 2017-05-24
|t 2
|w 2010-05-19
|y BK
|
| 952 |
|
|
|0 0
|1 0
|2 ddc
|4 1
|6 574_100000000000000_92_LEH_1982
|7 0
|8 NFIC
|9 10354
|a BRACUL
|b BRACUL
|c SPS
|d 2010-05-19
|l 11
|m 44
|o 574.192 LEH
|p 3010015971
|r 2018-07-05
|s 2018-06-25
|t 3
|w 2010-05-19
|y BK
|